banner-ar

NASHVILLE : (Record no. 4851)

MARC details
000 -الفاتح
حقل البيانات ثابتة الطول 00589nam a2200205Ia 4500
008 - عناصر البيانات ثابتة الطول - معلومات عامة
حقل البيانات ثابتة الطول 140319s9999 xx 000 0 eng d
020 ## - الرقم الدولى المعيارى للكتب
الرقم الدولى المعيارى للكتاب 0897813758
040 ## - مصدر الفهرسة
وكالة الفهرسة الأصلية GCL /
وكالة النسخ GCL
082 04 - رقم تصنيف ديوى العشرى
رقم التصنيف 330.976855053
رقم المادة L N
100 1# - المدخل الرئيسى - إسم شخصى
الإسم الشخصى LYNCH, AMY.
245 10 - بيان العنوان
العنوان NASHVILLE :
بقية العنوان UPBEAT AND DOWN TO BUSINESS /
بيان المسئوليه,etc LYNCH, AMY.
700 1# - المدخل الاضافى - اسم شخصى
الإسم الشخصى DICK, MARGARET E.
260 ## - PUBLICATION, DISTRIBUTION, ETC. (IMPRINT)
تاريخ النشر أو التوزيع 1990
300 ## - الوصف المادى
التعداد 152 P
تفاصيل ماديه اخرى للوعاء ILL(COL.) ؛
أبعاد الوعاء 30 cm.
650 04 - المدخل الاضافى بالموضوع-مصطلح موضوعى
مصطلح موضوعي ECONOMIC CONDITIONS
650 04 - المدخل الاضافى بالموضوع-مصطلح موضوعى
مصطلح موضوعي ECONOMICS
650 04 - المدخل الاضافى بالموضوع-مصطلح موضوعى
مصطلح موضوعي NASHVILLE - PICTORIAL WORKS
942 ## - عناصر المدخل الإضافي( كوها)
مصدر التصنيف او مخطط الترفيف Dewey Decimal Classification
Koha [default] item type كتاب
260 ## - PUBLICATION, DISTRIBUTION, ETC. (IMPRINT)
-- نيويورك :
-- WINDSOR PUBLICATIONS ،
Holdings
حالة التراجع حالة الفقد حالة تلف ليس للاعارة المكان المؤقت الموقع الحالى تاريخ الاكتساب اجمالي اﻻعارات رقم الطلب الباركود تاريخ اخر مشاهدة تاريخ تفعيل السعر نوع وعاء كوها
        مكتبة القاهرة الكبرى مكتبة القاهرة الكبرى 03/26/2014   330.976855053\L N 10843 03/26/2014 03/26/2014 كتاب
        مكتبة القاهرة الكبرى مكتبة القاهرة الكبرى 03/26/2014   330.976855053\L N 10844 03/26/2014 03/26/2014 كتاب

Powered By

EGPV